LEADER 00793naa a2200193 u 4500 001 000000095333 003 CaOOAMICUS 005 20070226130142.0 008 040625s1978 it u000 u ita u 035 $a11002116 040 $aIAR$bita 100 1 $aDupre Theseider, Eugenio,$d1898-1975.$0(OLS)http://pul/name/4693 245 10$aAspetti della città medievale italiana /$cE. Dupré Theseider. 260 $aBologna :$bPàtron,$c1978. 300 $aS. 147-168, ;$c24 cm 773 0 $aMondo cittadino e movimenti ereticali nel medio evo. 773 0 $aDupre Theseider, Eugenio.$tMondo cittadino e movimenti ereticali nel medio evo : (saggi)$w()7797 996 $6245$aAspetti della città medievale italiana$9(OLS)http://pul/title/122207 996 $6260$aBologna :$bPàtron$9(OLS)http://pul/publisher/48272 LEADER 01085nam a2200277 u 4500 001 000000064651 003 CaOOAMICUS 005 20070226121359.0 008 011122s1991 it u000 u ita u 020 $a8821195724 035 $a10910962 040 $aPUL(R)$bita 100 1 $aCeccarini, Luigi,$d1935-$0(OLS)http://pul/name/43664 245 13$aIl mito di Platone /$cLuigi Ceccarini. 260 $aGenova :$bMarietti,$cc1991. 300 $a169 p. ;$c21 cm 490 1 $aRicerche, studi e strumenti.$aFilosofia ;$v29 600 04$aPlato,$d427-347 a.C.$xFilosofia.$0(OLS)http://pul/subject/2945 830 0$aRicerche, studi e strumenti.$pFilosofia ;$v29.$0(OLS)http://pul/title/4248 850 $aPUL 852 $aPUL$W1$xSL Filosofia 1$y2$m81 F 12$j83786$nBK-PRI$b $qStampati$B83786$CPULBib$Z2$F83786 $H $81 941 1 $a8 961 $aINV: 69048 996 $6020$a8821195724$9(OLS)http://pul/number/83915 996 $6245$aIl mito di Platone$9(OLS)http://pul/title/86131 996 $6260$aGenova :$bMarietti$9(OLS)http://pul/publisher/48994 LEADER 01314nam a2200289 u 4500 001 000000072774 003 CaOOAMICUS 005 20070226122258.0 008 020620s1972 gw u000 u ger u 020 $a3525013108 035 $a10934277 040 $aPUL(R)$bita 100 1 $aAshby Turner, Henry,$cjr.$0(OLS)http://pul/name/48145 245 10$aFaschismus und Kapitalismus in Deutschland :$bStudien zum Verh&Ulaltnis zwischen Nationalsozialismus und Wirtschaft /$cHenry Ashby Turner, jr. 260 $aGöttingen :$bVandenhoeck & Ruprecht,$c1972. 300 $a182 p. ;$c19 cm 490 1 $aSammlung Vandenhoeck 504 $aBibliografia in nota. 650 4$aNazionalsocialismo.$0(OLS)http://pul/subject/95 830 0$aSammlung Vandenhoeck.$0(OLS)http://pul/title/8047 850 $aPUL 852 $aPUL$W1$xDP1 Cons. Gen., Altre Classi 1$y22$m841 G 82$j94139$nBK-PRI$b $qStampati$B94139$CPULBib$Z2$F94139 $H65555 $81 941 1 $a8 960 $aNazismo$995 996 $6020$a3525013108$9(OLS)http://pul/number/93909 996 $6245$aFaschismus und Kapitalismus in Deutschland :$bStudien zum Verh&Ulaltnis zwischen Nationalsozialismus und Wirtschaft$9(OLS)http://pul/title/95700 996 $6260$aGöttingen :$bVandenhoeck & Ruprecht$9(OLS)http://pul/publisher/47973